| 000 | 00724nam a2200157 i 4500 | ||
|---|---|---|---|
| 001 | 185174 | ||
| 003 | ES-MaACL | ||
| 005 | 20230906222349.0 | ||
| 008 | 160404s1887 it |||| | fre d | ||
| 245 | 0 | 0 |
_aCatalogue des exportateurs italiens / _cpublié par la Direction de l'Industrie, du Commerce et du Crédit ; avec la collaboration des Chambres de Commerce. |
| 260 |
_aRome : _b[s.n.], _c1887 ( _fImp. Frères Centenari) |
||
| 300 |
_aXVI, 192 p. ; _c25 cm. |
||
| 594 | _aPrecede al tít.: Royaume d'Italie, Ministère de l'Agriculture, de l'Industrie et du Commerce. | ||
| 650 | 4 |
_aExportadores- _zItalia- _vDirectorios. _9159268 |
|
| 852 |
_aES-MaACL _jT-451-F-6 _z.- Enc. en un vol. facticio falto de la cub. original |
||
| 999 |
_c185174 _d185174 |
||